000 00359 a2200157 4500
001 68122
020 _a9783190018819
040 _cAnchieta - Pituba
100 _aKrenn, Wilfried
240 1 0 _aMotive A2 - Kompaktkurs DaF
_ldeu / ger
245 1 0 _aMotive A2 - Kompaktkurs DaF
300 _a148
362 0 _a2015
650 4 _aLíngua alemã
942 _cBK
999 _c68122
_d68122